Catalog

Record Details

Catalog Search



Murder at a vineyard mansion #15 : a Martha's ... Read More

Available copies

  • 1 of 1 copy available at LARL/NWRL Consortium. (Show)
  • 1 of 1 copy available at Northwest Regional Library.

Current holds

0 current holds with 1 total copy.

Show Only Available Copies
Location Call Number / Copy Notes Barcode Shelving Location Status Due Date
Roseau Public Library CRA (Text) 35500003540935 Main Available -

Record details

  • ISBN: 0743246764
  • Physical Description: 256 p. : map ; 22 cm.
  • Publisher: New York : Scribner, 2004.
Subject: Jackson, Jeff (Fictitious character) > Fiction.
Private investigators > Massachusetts > Martha's Vineyard > Fiction.
Martha's Vineyard (Mass.) > Fiction.
Genre: Mystery fiction.
LDR 01095cam a22002778a 4500
00141391
003LARL_NWRL_CONSORTIUM
00520031211081704.0
008031208s2004 nyu 000 1 eng
020 . ‡a0743246764
035 . ‡a(OCoLC)53901349
08200. ‡a813/.54 ‡222
099 . ‡aCRA
1001 . ‡aCraig, Philip R., ‡d1933-2007. ‡0(LARL_NWRL_CONSORTIUM)97143
24510. ‡aMurder at a vineyard mansion ‡n#15 : ‡ba Martha's Vineyard mystery / ‡cPhilip R. Craig.
260 . ‡aNew York : ‡bScribner, ‡c2004.
300 . ‡a256 p. : ‡bmap ; ‡c22 cm.
4900 . ‡aMartha's Vineyard ; ‡v15
650 0. ‡aJackson, Jeff (Fictitious character) ‡vFiction. ‡0(LARL_NWRL_CONSORTIUM)169722
650 0. ‡aPrivate investigators ‡zMassachusetts ‡zMartha's Vineyard ‡vFiction. ‡0(LARL_NWRL_CONSORTIUM)174430
651 0. ‡aMartha's Vineyard (Mass.) ‡vFiction. ‡0(LARL_NWRL_CONSORTIUM)166140
655 7. ‡aMystery fiction. ‡2gsafd
901 . ‡a41391 ‡bOCLC ‡c41391 ‡tbiblio

Additional Resources